000
00243nam a2200097Ia 4500
008
230915s9999 xx 000 0 und d
050
_a
LA1501 .T48 1990
100
_a
THOMPSON,A.R
245
0
_a
EDUCATION AND DEVELOPMENT IN AFRICA
942
_c
BK
999
_c
166671
_d
166671